000
00262nam a22001097a 4500
082
_a
158 CAR
100
_a
CARNEGIE, DALE
_9
8826
245
_a
HOW TO WIN FRIENDS AND INFLUENCE PEOPLE
260
_a
NEWYORK
_b
A KANGAROO BOOKS
_c
1977
300
_a
264P
942
_c
BK
999
_c
582360
_d
582360